000 nam a22 7a 4500
999 _c9965
_d9965
008 180209b ||||| |||| 00| 0 eng d
100 _aSteranson, R L
_96021
245 _aTreasure Island
260 _aLondon
_bLadybird Publication
_c1994